[Event "1301"]
[Site "www.echecsemail.com"]
[Date "2026.01.18"]
[Round "1"]
[White "Qsdmlk"]
[Black "Turbo"]
[WhiteElo "1530"]
[BlackElo "1300"]
[Result "1-0"]
1.d4 d5
2.Bc1g5 h6
3.Bg5f4 a6
4.Ng1f3 g5
5.Bf4e5 f6
6.Be5g3 Bf8g7
7.e3 b5
8.Bf1d3 e5
9.dxe5 fxe5
10.O-O Ng8e7
11.Nf3xe5 Nb8c6
12.Qd1h5 Kf8
13.Qh5f7 1-0

[Event "Tournoi n27398"]
[Site "www.echecsemail.com"]
[Date "2026.01.18"]
[Round "1"]
[White "Nautilus"]
[Black "Mokanne"]
[WhiteElo "1530"]
[BlackElo "1420"]
[Result "1-0"]
1.e4 b6
2.c4 Bc8b7
3.Nb1c3 e6
4.Ng1f3 f6
5.Bf1e2 g5
6.d3 Bf8b4
7.O-O Bb4xc3
8.bxc3 e5
9.Bc1a3 Ng8e7
10.d4 d6
11.Be2d3 c5
12.dxe5 Rh8f8
13.exf6 Rf8xf6
14.e5 dxe5
15.Nf3xe5 Ne7c6
16.Ne5g4 Rf6d6
17.Rf1e1 Rd6e6
18.Re1xe6 Nc6e7
19.Ng4f6 Kf7
20.Qd1e2 Nb8d7
21.Nf6xd7 Bb7c6
22.Nd7f6 Bc6d7
23.Re6d6 Ra8b8
24.Qe2h5 Kg7
25.Qh5xh7 Kf8
26.Qh7h8 Kf7
27.Bd3g6 Kxg6
28.Qh8h7 1-0

[Event "Tournoi n27256"]
[Site "www.echecsemail.com"]
[Date "2026.01.18"]
[Round "1"]
[White "Leredoutable"]
[Black "Legros"]
[WhiteElo "1730"]
[BlackElo "1790"]
[Result "0-1"]
1.e4 Ng8f6
2.e5 Nf6d5
3.c4 Nd5b6
4.d4 d6
5.Ng1f3 Nb8c6
6.Bc1e3 Bc8g4
7.Bf1e2 Bg4xf3
8.gxf3 e6
9.Nb1c3 dxe5
10.d5 exd5
11.cxd5 Nc6e7
12.f4 exf4
13.Be3xf4 Nb6xd5
14.Bf4g5 f6
15.Bg5h4 Nd5xc3
16.bxc3 Ne7f5
17.Bh4g3 Bf8d6
18.Qd1b3 b6
19.O-O Nf5xg3
20.fxg3 Qd8e7
21.Ra1e1 Bd6e5
22.Be2g4 c5
23.Qb3d5 Ra8d8
24.Qd5c6 Kf8
25.Qc6f3 Kf7
26.Bg4f5 Qe7c7
27.Bf5e4 Rd8d2
28.Qf3h5 g6
29.Be4xg6 Kg7
30.Bg6e4 Qc7d7
31.Rf1f2 Rd2xf2
32.Kxf2 Qd7d2
33.Re1e2 Qd2xc3
34.Qh5g4 Kf7
35.Be4d5 Kf8
36.Qg4c8 Kg7
37.Qc8d7 Kh6
38.Qd7h3 Kg6
39.Qh3g4 Kh6
40.Qg4h4 Kg7
41.Qh4g4 Kh6
42.Bd5f7 Qc3d4
43.Kf3 Qd4xg4
44.Kxg4 Rh8d8
45.h4 Rd8d3
46.Re2g2 Kg7
47.Bf7e6 a5
48.Be6b3 b5
49.Bb3e6 Rd3d4
50.Kf5 Rd4d3
51.g4 h6
52.g5 hxg5
53.hxg5 Rd3f3
54.Ke4 Rf3f4
55.Ke3 fxg5
56.Be6d7 b4
57.Rg2xg5 Kf6
58.Rg5h5 c4
59.Bd7a4 Rf4d4
60.Rh5h6 Kg5
61.Rh6a6 Rd4d5
62.Ba4c2 c3
63.Ra6c6 Be5f4
64.Ke4 Rd5e5
65.Kd4 Kg4
66.Rc6g6 Kf3
67.Rg6f6 Kg4
68.Rf6g6 Kf3
69.Rg6f6 Kg4
70.Rf6g6 Kf3
71.Bc2d1 Kf2
72.Rg6g4 Re5f5
73.Bd1c2 Rf5f6
74.Rg4h4 Ke2
75.Kc4 Kd2
76.Bc2b3 c2
77.Bb3xc2 Kxc2
78.Rh4h5 Bf4c7
79.Rh5d5 Rf6c6
80.Kb5 Rc6c3
81.Ka4 Rc3a3
82.Kb5 Bc7f4
83.Rd5f5 Bf4d2
84.Rf5c5 Kb2
85.Rc5d5 Bd2c3
86.Kc4 Kxa2
87.Rd5d1 Kb2
88.Kb5 Ra3a1
89.Rd1d8 a4
90.Rd8b8 a3
91.Rb8a8 a2
92.Kc4 Ra1c1
93.Ra8b8 a1Q
94.Rb8xb4 Bc3xb4
95.Kxb4 Qa1a8
96.Kb5 Qa8b8
97.Ka5 Rc1a1
0-1

[Event "Défi"]
[Site "www.echecsemail.com"]
[Date "2026.01.18"]
[Round "1"]
[White "Hberlioz"]
[Black "Tiounet"]
[WhiteElo "1680"]
[BlackElo "1650"]
[Result "1-0"]
1.e4 a6
2.d4 b5
3.Ng1f3 Bc8b7
4.Bf1d3 Ng8f6
5.e5 Nf6d5
6.Qd1d2 g6
7.Nb1c3 Nd5xc3
8.Qd2xc3 Bf8g7
9.Bd3e2 O-O
10.Bc1e3 e6
11.O-O d6
12.a4 dxe5
13.dxe5 Nb8d7
14.Rf1d1 c6
15.axb5 axb5
16.Ra1xa8 Qd8xa8
17.Rd1xd7 Rf8d8
18.Rd7xd8 Qa8xd8
19.h4 Qd8d5
20.Nf3g5 c5
21.Be2f3 Qd5d7
22.Qc3xc5 Bb7xf3
23.Ng5xf3 Qd7d8
24.Be3d4 Qd8b8
25.g4 Qb8a8
26.Kg2 { abandon }1-0

[Event "Défi( 10J+24H/c 10J Max )"]
[Site "www.echecsemail.com"]
[Date "2026.01.18"]
[Round "1"]
[White "Solnic"]
[Black "Patau"]
[WhiteElo "1270"]
[BlackElo "1700"]
[Result "0-1"]
1.d4 f5
2.h3 g6
3.f4 Bf8g7
4.Ng1f3 Ng8f6
5.e3 O-O
6.c4 d5
7.c5 b6
8.Nf3e5 bxc5
9.dxc5 Bc8a6
10.Bf1xa6 Nb8xa6
11.Nb1c3 Na6xc5
12.Ne5c6 Qd8d6
13.Nc6d4 Nc5e4
14.Nc3b5 Qd6b4
15.Bc1d2 Ne4xd2
16.Nb5c3 Nd2c4
17.Nd4c6 Qb4xb2
18.Ra1c1 Nc4xe3
19.Nc6xe7 Kf7
20.Qd1d2 Ne3xg2
21.Kd1 Qb2xd2
22.Kxd2 Kxe7
23.Rh1h2 Ng2xf4
24.Nc3b5 Nf6e4
25.Ke3 Bg7h6
26.Rc1xc7 Kd8
27.Rh2c2 Nf4e6
28.Kd3 Ne6f4
29.Ke3 Nf4e6
30.Kd3 Ne6xc7
31.Rc2xc7 a6
32.Rc7xh7 axb5
33.Rh7xh6 Ra8xa2
34.Rh6xg6 Ra2a3
35.Kd4 Ra3xh3
36.Kxd5 b4
37.Rg6b6 b3
38.Rb6b8 Ke7
39.Rb8b7 Kf6
40.Rb7b6 Kg5
41.Rb6b5 Ne4c3
{ abandon }0-1

[Event "1001"]
[Site "www.echecsemail.com"]
[Date "2026.01.18"]
[Round "1"]
[White "Turbo"]
[Black "Qsdmlk"]
[WhiteElo "1290"]
[BlackElo "1530"]
[Result "0-1"]
1.d4 d5
2.Ng1f3 Bc8g4
3.h3 Bg4h5
4.a3 Ng8f6
5.b4 e6
6.Bc1g5 Bf8e7
7.g4 Bh5g6
8.Nf3h4 Nf6e4
9.Nh4xg6 Ne4xg5
10.Qd1d3 fxg6
11.f3 O-O
12.c4 dxc4
13.Qd3xc4 c6
14.f4 Rf8xf4
15.Bf1g2 Rf4xd4
16.Qc4c2 Be7f6
17.Nb1c3 Rd4c4
18.O-O Bf6xc3
19.Rf1f2 Bc3xa1
20.Qc2xc4 Ba1d4
21.Kf1 Bd4f6
22.Kg1 Bf6d4
23.Qc4xd4 Qd8xd4
{ abandon }0-1

[Event "Tournoi n27371"]
[Site "www.echecsemail.com"]
[Date "2026.01.18"]
[Round "1"]
[White "Voyageur"]
[Black "Patau"]
[WhiteElo "1610"]
[BlackElo "1710"]
[Result "1-0"]
1.d4 d5
2.c4 e5
3.dxe5 d4
4.Ng1f3 Nb8c6
5.b3 Bc8f5
6.Bc1b2 Bf8b4
7.Nb1d2 Ng8e7
8.a3 Bb4xd2
9.Qd1xd2 Ne7g6
10.O-O-O Ng6xe5
11.Nf3xd4 Nc6xd4
12.Bb2xd4 Qd8e7
13.Bd4xe5 Qe7xe5
14.Qd2b2 Qe5xb2
15.Kxb2 O-O
16.g3 Ra8d8
17.Bf1g2 c6
18.f3 Rf8e8
19.e4 Bf5g6
20.Rh1e1 f5
21.exf5 Bg6xf5
22.Rd1xd8 Re8xd8
23.Re1g1 Rd8d2
24.Ka1 Bf5c2
25.Kb2 Bc2f5
26.Kc3 Rd2c2
27.Kb4 Rc2d2
28.f4 Kf7
29.a4 h5
30.h4 Rd2b2
31.Bg2f3 g6
32.Rg1d1 Rb2f2
33.Bf3h1 Rf2e2
34.Kc5 Re2e3
35.b4 Re3xg3
36.Rd1d6 Rg3g4
37.b5 cxb5
38.axb5 Rg4xf4
39.Bh1xb7 Rf4xh4
40.Rd6a6 Bf5d3
41.Bb7d5 Kf8
42.Ra6xa7 g5
43.b6 g4
44.b7 { abandon }1-0

[Event "Amical( 10J+24H/c 10J Max )"]
[Site "www.echecsemail.com"]
[Date "2026.01.18"]
[Round "1"]
[White "Patau"]
[Black "Woluwe1975"]
[WhiteElo "1700"]
[BlackElo "1640"]
[Result "1-0"]
1.e4 c5
2.Ng1f3 e6
3.d4 cxd4
4.Nf3xd4 Bf8c5
5.Bc1e3 Bc5b6
6.Nb1c3 a6
7.Bf1c4 Bb6c7
8.O-O b5
9.Bc4d3 Bc8b7
10.Nc3e2 Qd8h4
11.Ne2g3 Ng8f6
12.Nd4f3 Qh4g4
13.h3 Qg4g6
14.e5 Nf6e4
15.Ng3xe4 Bb7xe4
16.Bd3xe4 Qg6xe4
17.Qd1d3 Qe4xd3
18.cxd3 O-O
19.Ra1c1 Nb8c6
20.d4 Nc6b4
21.Rc1xc7 Nb4xa2
22.Rc7xd7 Na2b4
23.Rf1c1 Nb4d5
24.Nf3g5 Nd5xe3
25.fxe3 h6
26.Ng5e4 a5
27.Rc1c7 a4
28.Ne4d6 a3
29.bxa3 Ra8xa3
30.Nd6xb5 Ra3xe3
31.Nb5d6 Re3d3
32.Rd7xf7 Rf8xf7
33.Rc7xf7 Rd3xd4
34.Rf7e7 Rd4d1
35.Kh2 g5
36.Re7xe6 Kg7
37.Nd6f5 Kf7
38.Re6xh6 Rd1f1
39.Rh6f6 { abandon }1-0

[Event "Défi( 10J+24H/c 10J Max )"]
[Site "www.echecsemail.com"]
[Date "2026.01.18"]
[Round "1"]
[White "Vb83"]
[Black "Luc20"]
[WhiteElo "1450"]
[BlackElo "1830"]
[Result "0-1"]
1.e4 e6
2.d4 d5
3.e5 c5
4.c3 Nb8c6
5.Bf1b5 Bc8d7
6.Ng1f3 a6
7.Bb5a4 b5
8.Ba4c2 a5
9.dxc5 Bf8xc5
10.O-O Ng8e7
11.a3 Ne7f5
12.Bc1g5 Qd8c7
13.Rf1e1 O-O
14.Bc2d3 b4
15.a4 Ra8b8
16.b3 bxc3
17.Nb1xc3 Bc5b4
18.Re1e2 Bb4xc3
19.Ra1c1 d4
20.Bg5f4 Rf8d8
21.g4 Nf5e7
22.Qd1c2 Ne7g6
23.Bf4g3 Nc6b4
24.Qc2b1 Nb4xd3
25.Qb1xd3 Rb8xb3
26.Nf3xd4 Bd7xa4
27.Re2c2 Ng6xe5
28.Bg3xe5 Qc7xe5
29.Rc2xc3 Rb3xc3
30.Qd3xc3 h5
31.gxh5 Qe5xh5
32.Nd4f3 Qh5g4
33.Kh1 Rd8d1
34.Rc1xd1 Ba4xd1
35.Qc3c8 Kh7
36.Nf3e5 Qg4e4
{ abandon }0-1

[Event "Tetraktus 103"]
[Site "www.echecsemail.com"]
[Date "2026.01.18"]
[Round "1"]
[White "Connecticcut"]
[Black "Karkaskat"]
[WhiteElo "1910"]
[BlackElo "2060"]
[Result "1-0"]
1.e4 c5
2.Ng1f3 d6
3.Bf1b5 Bc8d7
4.a4 Ng8f6
5.Nb1c3 a6
6.Bb5xd7 Nb8xd7
7.d4 cxd4
8.Qd1xd4 g6
9.O-O Bf8g7
10.Bc1f4 e5
11.Qd4xd6 exf4
12.e5 Nf6g8
13.Nc3d5 Ra8c8
14.e6 fxe6
15.Qd6xe6 Kf8
16.Qe6d6 Kf7
17.Ra1e1 Rc8c6
18.Qd6xf4 Rc6f6
19.Nf3g5 { abandon }1-0

[Event "Tournoi n27384"]
[Site "www.echecsemail.com"]
[Date "2026.01.18"]
[Round "1"]
[White "Sam94"]
[Black "Mokanne"]
[WhiteElo "1490"]
[BlackElo "1430"]
[Result "1-0"]
1.d4 h6
2.c4 d6
3.Nb1c3 Bc8d7
4.Bc1f4 a6
5.Ng1f3 c6
6.e4 Bd7g4
7.Bf1e2 f6
8.O-O Bg4d7
9.Nf3h4 b5
10.Nh4g6 Rh8h7
11.Be2h5 Bd7e6
12.Ng6e5 Be6f7
13.Bh5xf7 1-0

[Event "Eq:LES CHATTERBOX-O fou d hello :"]
[Site "www.echecsemail.com"]
[Date "2026.01.18"]
[Round "1"]
[White "Yab414"]
[Black "Janolapin"]
[WhiteElo "1640"]
[BlackElo "1670"]
[Result "0-1"]
1.e4 g6
2.d4 Bf8g7
3.Ng1f3 d6
4.Bf1d3 e6
5.O-O Ng8e7
6.e5 dxe5
7.dxe5 O-O
8.Bc1g5 Nb8c6
9.a3 Nc6xe5
10.Nf3xe5 Bg7xe5
11.c3 Be5g7
12.Qd1f3 f6
13.Bg5e3 c6
14.Bd3c4 Kh8
15.Nb1d2 Ne7d5
16.Nd2e4 Nd5xe3
17.Qf3xe3 Qd8e7
18.Qe3c5 Qe7xc5
19.Ne4xc5 e5
20.Ra1d1 b6
21.Nc5a6 Bc8xa6
22.Bc4xa6 Ra8d8
23.g3 f5
24.b3 Bg7f6
25.Kg2 Kg7
26.Ba6e2 Kf7
27.Be2c4 Ke7
28.Rf1e1 Rd8xd1
29.Re1xd1 b5
30.Bc4e2 Rf8d8
31.c4 a6
32.a4 Rd8xd1
33.Be2xd1 Kd6
34.f3 Kc5
35.h4 bxc4
36.Kf2 cxb3
37.Bd1xb3 h6
38.Ke3 Kb4
39.Bb3d1 c5
40.Kd3 c4
41.Kd2 a5
42.Bd1c2 c3
43.Kd3 g5
44.h5 Bf6e7
45.g4 fxg4
46.fxg4 Be7c5
47.Ke4 Bc5d6
48.Kd5 Bd6c7
49.Ke4 Kc4
50.Kf5 Bc7d6
51.Kg6 Kd4
52.Kxh6 e4
53.Kxg5 e3
54.h6 e2
55.h7 Bd6e5
56.Kf5 e1Q
{ abandon }0-1

[Event "XERTIGNY  VOSGES"]
[Site "www.echecsemail.com"]
[Date "2026.01.18"]
[Round "1"]
[White "Casisimed"]
[Black "Legrillon"]
[WhiteElo "1620"]
[BlackElo "1710"]
[Result "0-1"]
1.e4 e5
2.Ng1f3 Ng8f6
3.Bf1c4 Nf6xe4
4.O-O d5
5.Bc4b3 Bc8g4
6.d3 Ne4f6
7.Rf1e1 Bf8d6
8.Bc1g5 Bd6e7
9.Re1xe5 Qd8d6
10.d4 O-O
11.Qd1e2 Nb8c6
12.Bb3a4 Ra8e8
13.Bg5xf6 Qd6xf6
14.Ba4xc6 bxc6
15.Qe2a6 Bg4xf3
16.gxf3 Qf6xf3
17.Qa6xc6 Qf3g4
18.Kh1 Qg4xd4
19.Re5xd5 Qd4e4
20.Kg1 Be7d6
21.Nb1c3 Qe4g4
22.Kh1 Qg4f4
23.Rd5h5 Qf4xf2
24.Ra1g1 Re8e1
25.Rg1xe1 Qf2xe1
26.Kg2 Rf8e8
27.Qc6f3 Qe1d2
28.Kh3 Qd2xh2
29.Kg4 Qh2g1
30.Kf5 g6
31.Kf6 Re8e6
0-1

[Event "Coupe Niveau 5"]
[Site "www.echecsemail.com"]
[Date "2026.01.18"]
[Round "1"]
[White "Zax"]
[Black "Carrighir"]
[WhiteElo "2270"]
[BlackElo "2120"]
[Result "1-0"]
1.e4 c5
2.d4 cxd4
3.c3 dxc3
4.Nb1xc3 Nb8c6
5.Ng1f3 d6
6.Bf1c4 e6
7.O-O Ng8f6
8.Qd1e2 Bf8e7
9.Rf1d1 e5
10.Bc1e3 Bc8g4
11.h3 Bg4h5
12.g4 Bh5g6
13.Nf3h4 O-O
14.Nh4f5 a6
15.Nf5xe7 Qd8xe7
16.f3 Ra8c8
17.Ra1c1 Rf8d8
18.a3 h5
19.Kg2 Nf6h7
20.Nc3d5 Qe7e8
21.Nd5b6 Rc8b8
22.Bc4a2 Nh7f8
23.Nb6d5 Nf8e6
24.Qe2f2 Ne6d4
25.Qf2h4 Nd4e2
26.gxh5 Bg6h7
27.h6 { abandon }1-0

[Event "OAHU 2"]
[Site "www.echecsemail.com"]
[Date "2026.01.18"]
[Round "1"]
[White "Petitlulu64"]
[Black "Yab414"]
[WhiteElo "1740"]
[BlackElo "1640"]
[Result "1-0"]
1.d4 d5
2.Ng1f3 Nb8c6
3.Nb1c3 h6
4.e3 Bc8g4
5.Bf1e2 Ng8f6
6.O-O e6
7.h3 Bg4f5
8.Nf3h4 Bf5h7
9.Bc1d2 Bf8e7
10.Nh4f3 O-O
11.Be2b5 Nc6a5
12.Nf3e5 c6
13.Bb5e2 Na5c4
14.Ne5xc4 dxc4
15.Be2xc4 Nf6d5
16.Bc4xd5 exd5
17.Nc3e2 a6
18.Ne2c3 b5
19.a3 f5
20.Nc3a2 h5
21.f4 h4
22.Qd1e1 Qd8d7
23.Bd2b4 Be7xb4
24.Na2xb4 Qd7e8
25.Qe1xh4 Qe8d8
26.Qh4xd8 Rf8xd8
27.Nb4xc6 Rd8e8
28.Nc6e5 Ra8c8
29.Rf1e1 Rc8xc2
30.b4 Re8e6
31.Re1c1 Rc2xc1
32.Ra1xc1 g6
33.Rc1c8 Kg7
34.Rc8c7 Kh6
35.Ne5f7 Kh5
36.Nf7g5 { abandon }1-0

[Event "Défi"]
[Site "www.echecsemail.com"]
[Date "2026.01.18"]
[Round "1"]
[White "Bilitis"]
[Black "Pj612"]
[WhiteElo "1770"]
[BlackElo "1740"]
[Result "1-0"]
1.d4 f5
2.Ng1f3 d5
3.Bc1f4 Ng8f6
4.Nb1d2 h6
5.h3 e6
6.c4 Bf8d6
7.Bf4xd6 Qd8xd6
8.c5 Qd6d8
9.Nf3e5 O-O
10.e3 c6
11.b4 Nb8d7
12.Ne5g6 Rf8f7
13.Nd2f3 Nf6e4
14.Nf3e5 Nd7xe5
15.Ng6xe5 Rf7f6
16.Qd1c2 Qd8e8
17.O-O-O b5
18.Bf1d3 a5
19.Bd3xe4 dxe4
20.f4 a4
21.Rd1g1 a3
22.g4 Ra8a7
23.h4 Ra7a4
24.Qc2b3 Ra4a6
25.g5 hxg5
26.hxg5 Rf6f8
27.Rh1h2 g6
28.Rg1h1 Ra6a7
29.Rh2h8 Kg7
30.Rh1h7 1-0

[Event "Marmotte chess  3"]
[Site "www.echecsemail.com"]
[Date "2026.01.18"]
[Round "1"]
[White "Marmotte"]
[Black "Qsdmlk"]
[WhiteElo "1500"]
[BlackElo "1560"]
[Result "1-0"]
1.e4 e5
2.Ng1f3 Nb8c6
3.Bf1c4 h6
4.a3 d6
5.c3 Ng8f6
6.d3 Bc8g4
7.h3 Bg4h5
8.Bc1e3 d5
9.exd5 Nf6xd5
10.O-O Bf8e7
11.Be3c1 O-O
12.Bc4a2 Be7c5
13.Rf1e1 a5
14.Nb1d2 Nd5f4
15.Nd2e4 Bc5e7
16.Ba2b1 Be7h4
17.Bc1xf4 exf4
18.g4 Bh5g6
19.d4 Bh4e7
20.Kg2 h5
21.Re1h1 Qd8d5
22.Qd1e2 Ra8e8
23.Bb1d3 Be7d6
24.Nf3d2 h4
25.Bd3c4 Nc6xd4
26.cxd4 Qd5xd4
27.f3 Qd4xb2
28.Rh1b1 Qb2e5
29.Qe2d3 Re8d8
30.Ra1a2 Bd6c5
31.Qd3e2 c6
32.Rb1xb7 Qe5d4
33.Ne4xc5 Qd4xc5
34.Nd2b3 Qc5d6
35.Qe2e7 Rf8e8
36.Bc4xf7 Bg6xf7
37.Qe7xf7 Kh8
38.Qf7xg7 1-0

[Event "CC Jan26 Asc(2/2)"]
[Site "www.echecsemail.com"]
[Date "2026.01.18"]
[Round "1"]
[White "Nbelnico"]
[Black "Patau"]
[WhiteElo "1700"]
[BlackElo "1700"]
[Result "1-0"]
1.e4 e5
2.Ng1f3 c6
3.Nf3xe5 Qd8e7
4.Qd1h5 Ng8f6
5.Qh5g5 Nf6xe4
6.Qg5f4 d5
7.Bf1e2 Nb8d7
8.d4 Nd7xe5
9.dxe5 Bc8e6
10.O-O O-O-O
11.f3 Ne4c5
12.Qf4g3 f6
13.exf6 gxf6
14.Nb1c3 Rh8g8
15.Qg3h4 f5
16.Qh4f4 Qe7d6
17.Qf4h4 Bf8e7
18.Qh4b4 Nc5d7
19.Qb4a5 Kb8
20.Bc1e3 c5
21.Nc3b5 Qd6b6
22.Be3f4 Ka8
23.Nb5c7 Qb6xc7
24.Bf4xc7 b6
25.Qa5d2 Be7g5
26.f4 Bg5f6
27.Bc7xd8 Bf6xd8
28.Qd2e3 Nd7f8
29.Qe3e5 { abandon }1-0

[Event "Défi"]
[Site "www.echecsemail.com"]
[Date "2026.01.18"]
[Round "1"]
[White "Lancov"]
[Black "Majula"]
[WhiteElo "1920"]
[BlackElo "1620"]
[Result "1-0"]
1.e4 e6
2.d4 g6
3.e5 d5
4.Nb1c3 Bf8b4
5.a3 Bb4xc3
6.bxc3 a6
7.Ng1f3 h6
8.c4 Ng8e7
9.Bf1d3 g5
10.O-O dxc4
11.Bd3xc4 b5
12.Bc4d3 Ne7d5
13.Bc1b2 Nb8c6
14.c4 Nd5f4
15.Bd3e2 Bc8b7
16.cxb5 axb5
17.Be2xb5 g4
18.Nf3d2 O-O
19.Qd1xg4 Qd8g5
20.Qg4xg5 hxg5
21.Nd2e4 Nf4e2
22.Bb5xe2 Kg7
23.Ne4xg5 Rf8h8
24.f4 Bb7a6
25.Be2xa6 Ra8xa6
26.Ra1c1 Ra6b6
27.Bb2c3 Rb6a6
28.Bc3b2 Ra6b6
29.Rc1c2 Rh8c8
30.Rf1c1 Nc6e7
31.Bb2a1 Ne7d5
32.g3 c6
33.Ng5e4 Nd5e3
34.Rc2c3 Ne3g4
35.Ne4d6 Rc8c7
36.Nd6e8 { abandon }1-0

[Event "Défi"]
[Site "www.echecsemail.com"]
[Date "2026.01.18"]
[Round "1"]
[White "Albescab"]
[Black "Lancov"]
[WhiteElo "1650"]
[BlackElo "1920"]
[Result "0-1"]
1.e4 d6
2.Ng1f3 Ng8f6
3.Bf1c4 g6
4.Nb1c3 Bf8g7
5.Nf3g5 O-O
6.O-O c6
7.d3 a6
8.b3 b5
9.Bc4xf7 Rf8xf7
10.Ng5xf7 Kxf7
11.Bc1d2 e5
12.Bd2g5 h6
13.Bg5h4 Bc8e6
14.Nc3e2 Nb8d7
15.c4 g5
16.Bh4g3 h5
17.f3 h4
18.Bg3f2 Qd8h8
19.d4 Ke7
20.d5 cxd5
21.cxd5 Be6f7
22.Ra1c1 g4
23.h3 gxf3
24.gxf3 Qh8h5
25.Kh2 Ra8h8
26.Rf1g1 Bg7h6
27.Qd1e1 Qh5xf3
28.Bf2xh4 Bh6xc1
29.Ne2xc1 Nd7c5
30.Rg1g3 Qf3xe4
31.Qe1f2 Qe4xh4
32.Nc1e2 Nf6g4
33.Kg2 Ng4xf2
34.Kxf2 Nc5e4
35.Ke1 Ne4xg3
{ abandon }0-1

[Event "Tournoi n27387"]
[Site "www.echecsemail.com"]
[Date "2026.01.18"]
[Round "1"]
[White "Qsdmlk"]
[Black "Wenoketo"]
[WhiteElo "1520"]
[BlackElo "1660"]
[Result "1-0"]
1.d4 d5
2.Ng1f3 Ng8f6
3.Bc1g5 e6
4.e3 Bf8e7
5.Bf1d3 h6
6.Bg5f4 O-O
7.Nf3e5 Nb8d7
8.Qd1f3 b6
9.Qf3g3 Nf6h5
10.Qg3f3 Nh5xf4
11.Qf3xf4 Nd7xe5
12.Qf4xe5 Be7d6
13.Qe5h5 Qd8f6
14.O-O Bd6e7
15.Nb1d2 Qf6g5
16.Qh5h3 e5
17.Qh3f3 e4
18.Nd2xe4 Qg5h4
19.Ne4g3 Qh4f6
20.Ng3f5 Bc8xf5
21.Bd3xf5 c6
22.e4 dxe4
23.Qf3xe4 Rf8e8
24.Ra1e1 Kf8
25.Bf5d7 Re8d8
26.Bd7xc6 Ra8c8
27.d5 Be7d6
28.Qe4h7 g5
29.b3 Rc8c7
30.Re1e3 Bd6e5
31.Rf1e1 Rc7e7
32.Qh7e4 Be5xh2
33.Kxh2 Re7xe4
34.Re3xe4 Qf6d6
35.Kg1 { abandon }1-0

[Event "Coupe Niveau 5"]
[Site "www.echecsemail.com"]
[Date "2026.01.19"]
[Round "1"]
[White "Bournivergne"]
[Black "Filosofia"]
[WhiteElo "2310"]
[BlackElo "2100"]
[Result "1-0"]
1.e4 c6
2.c4 d5
3.exd5 cxd5
4.cxd5 Ng8f6
5.Bf1b5 Bc8d7
6.Bb5c4 b5
7.Bc4b3 a5
8.Nb1c3 a4
9.Bb3c2 g6
10.d4  { temps }1-0

[Event "Schlacht"]
[Site "www.echecsemail.com"]
[Date "2026.01.19"]
[Round "1"]
[White "Luc20"]
[Black "4x4"]
[WhiteElo "1820"]
[BlackElo "1470"]
[Result "1-0"]
1.b4 d5
2.b5 e5
3.Bc1b2 Bf8d6
4.d3 c5
5.Nb1d2 b6
6.e4 d4
7.Nd2c4 Bc8e6
8.Nc4xd6 Qd8xd6
9.Ng1f3 Ng8f6
10.c3 Nb8d7
11.Bf1e2 O-O-O
12.Nf3g5 h6
13.Ng5xe6 fxe6
14.O-O Nd7b8
15.a4 g5
16.h3 Nf6d7
17.Be2g4 Nd7f6
18.c4 Nf6xg4
19.Qd1xg4 Qd6e7
20.a5 Qe7f6
21.axb6 Rd8e8
22.bxa7 Kd7
23.a8Q Ke7
24.Ra1a7 Nb8d7
25.Qa8c6 Re8d8
26.Rf1a1 Qf6f4
27.Qg4xe6 Kf8
28.Ra7xd7 Rd8e8
29.Qe6f6 Qf4xf6
30.Qc6xf6 Kg8
31.Qf6g7 1-0

[Event "Transval 3"]
[Site "www.echecsemail.com"]
[Date "2026.01.19"]
[Round "1"]
[White "Sam"]
[Black "Woluwe1975"]
[WhiteElo "1670"]
[BlackElo "1640"]
[Result "1-0"]
1.e4 c5
2.Ng1f3 d6
3.d4 a6
4.Bf1c4 e6
5.O-O b5
6.Bc4b3 c4
7.d5 e5
8.Nb1d2 cxb3
9.Nd2xb3 h6
10.Bc1e3 Ng8f6
11.Qd1d3 Bf8e7
12.c4 Bc8d7
13.Nf3d2 bxc4
14.Nd2xc4 Bd7b5
15.Ra1c1 O-O
16.f4 Nb8d7
17.fxe5 Nd7xe5
18.Qd3e2 Ne5xc4
19.Rc1xc4 Bb5xc4
20.Qe2xc4 Qd8b8
21.Be3d4 Rf8c8
22.Qc4d3 Be7d8
23.Qd3g3 Kh7
24.Nb3d2 Rc8c2
25.Nd2f3 Nf6xe4
26.Qg3xg7 1-0

[Event "Tournoi n27346"]
[Site "www.echecsemail.com"]
[Date "2026.01.19"]
[Round "1"]
[White "Darkknight99"]
[Black "Emmanuel"]
[WhiteElo "1980"]
[BlackElo "1950"]
[Result "1-0"]
1.Ng1f3 f5
2.b3 Ng8f6
3.Bc1b2 g6
4.g3 Bf8g7
5.Bf1g2 O-O
6.O-O d6
7.d3 Qd8e8
8.Rf1e1 h6
9.Nb1d2 e5
10.e4 g5
11.exf5 Bc8xf5
12.d4 e4
13.Nd2f1 Bf5g4
14.h3 Bg4h5
15.g4 Bh5g6
16.Nf3d2 d5
17.Nf1e3 Qe8d7
18.Nd2f1 h5
19.Nf1h2 hxg4
20.Nh2xg4 Qd7d6
21.a4 Nb8d7
22.Qd1d2 Nf6h5
23.Ng4e5 Nd7xe5
24.Bb2a3 Qd6d7
25.Ba3xf8 Ne5f3
26.Bg2xf3 Ra8xf8
27.Bf3g2 Nh5f4
28.Ne3g4 Bg6f5
29.Qd2d1 Bf5g6
30.Re1e3 Bg6h5
31.Re3g3 Bg7xd4
32.Ra1c1 Bd4xf2
33.Kxf2 Nf4xh3
34.Ke1 Nh3g1
35.Ng4h6 Kh8
36.Qd1xh5  { temps }1-0

[Event "Marmotte chess  3"]
[Site "www.echecsemail.com"]
[Date "2026.01.19"]
[Round "1"]
[White "Kaelstrum"]
[Black "Turbo"]
[WhiteElo "1490"]
[BlackElo "1370"]
[Result "1-0"]
1.e4 e5
2.Ng1f3 Nb8c6
3.Bf1b5 Ng8e7
4.Nb1c3 h6
5.d3 a6
6.Bb5a4 b5
7.Ba4b3 a5
8.a3 Ne7g6
9.Nc3xb5 d6
10.h3 Bc8a6
11.Nb5c3 Bf8e7
12.O-O d5
13.exd5 Nc6d4
14.Nf3xd4 exd4
15.Nc3e4 f5
16.Ne4g3 O-O
17.d6 Kh8
18.dxe7 Qd8xe7
19.Rf1e1 Qe7d7
20.Qd1h5 Ba6b7
21.Qh5xg6 Rf8f6
22.Qg6h5 Qd7c6
23.f3 g5
24.Bc1xg5 Rf6d6
25.Bg5f4 Rd6f6
26.Ng3xf5 Ra8f8
27.Nf5e7 Qc6b6
28.Bf4e5 Kh7
29.Be5xf6 c5
30.Qh5g6 1-0

[Event "Coupe Niveau 6"]
[Site "www.echecsemail.com"]
[Date "2026.01.19"]
[Round "1"]
[White "Filosofia"]
[Black "Nicodemouscron"]
[WhiteElo "2100"]
[BlackElo "2120"]
[Result "0-1"]
1.Ng1f3 Ng8f6
2.b3 d5
3.Bc1b2 c5
4.e3 Nb8c6
5.Bf1b5 Bc8d7
6.O-O a6
7.Bb5xc6 Bd7xc6
8.d3 e6
9.Nb1d2 Bf8d6
10.c4 O-O
11.Nf3e5 Bc6e8
12.Nd2f3 Nf6d7
13.Ne5xd7 Be8xd7
14.Rf1e1 b5
15.Qd1e2 Ra8b8
 { temps }0-1

[Event "Défi( 10J+24H/c 10J Max )"]
[Site "www.echecsemail.com"]
[Date "2026.01.19"]
[Round "1"]
[White "Minon"]
[Black "Poison"]
[WhiteElo "1940"]
[BlackElo "1100"]
[Result "1-0"]
1.e4 e5
2.Ng1f3 Ng8f6
3.Nb1c3 Bf8b4
4.Nf3xe5 d6
5.Ne5f3 Bb4xc3
6.dxc3 Nf6xe4
7.Qd1e2 Qd8e7
8.Nf3d2 d5
9.Nd2xe4 dxe4
10.Bc1e3 Nb8c6
11.O-O-O Bc8d7
12.Be3d4 Nc6xd4
13.cxd4 Bd7f5
14.Qe2b5 Kd8
15.Qb5xf5 Ke8
16.Rd1e1 Ra8d8
17.Re1xe4 Rd8xd4
18.Re4xe7 Kxe7
19.Qf5e5 Kd8
20.Qe5xd4 Kc8
21.Qd4xa7 Rh8e8
22.Qa7a8 Kd7
23.Qa8xb7 Re8e1
24.Kd2 Re1a1
25.Bf1b5 Kd6
26.Qb7c6 Ke7
27.Qc6xc7 Kf6
28.Qc7f4 Ke7
29.Qf4e5 Kd8
30.Qe5d6 Kc8
31.Bb5a6 1-0

[Event "Tournoi n27323"]
[Site "www.echecsemail.com"]
[Date "2026.01.19"]
[Round "1"]
[White "Ponaparte"]
[Black "Picasso"]
[WhiteElo "2170"]
[BlackElo "2110"]
[Result "0-1"]
1.e4 c6
2.d4 d5
3.e5 c5
4.c3 Nb8c6
5.Bf1e2 cxd4
6.Ng1f3 dxc3
7.Nb1xc3 e6
8.O-O g6
9.a3 Bf8g7
10.Bc1f4 a6
11.Ra1c1 Ng8e7
12.h3 O-O
13.Rf1e1 Bc8d7
14.Be2d3 b5
15.b4 Qd8b6
 { temps }0-1

[Event "Coupe Niveau 4"]
[Site "www.echecsemail.com"]
[Date "2026.01.19"]
[Round "1"]
[White "Filosofia"]
[Black "Alain64"]
[WhiteElo "2100"]
[BlackElo "2120"]
[Result "0-1"]
1.Ng1f3 c5
2.b3 Nb8c6
3.c4 Ng8f6
4.Bc1b2 g6
5.e3 Bf8g7
6.Bf1e2 O-O
7.O-O e6
8.d3 d5
9.Nb1d2 Qd8c7
10.h3 Rf8e8
11.d4 cxd4
 { temps }0-1

[Event "Transval 2"]
[Site "www.echecsemail.com"]
[Date "2026.01.19"]
[Round "1"]
[White "4x4"]
[Black "Woluwe1975"]
[WhiteElo "1460"]
[BlackElo "1630"]
[Result "0-1"]
1.e4 e5
2.f4 d6
3.d3 c5
4.f5 Nb8c6
5.Nb1c3 Nc6d4
6.Bc1e3 Ng8f6
7.Be3xd4 cxd4
8.Nc3d5 Nf6xd5
9.exd5 Bf8e7
10.g4 h6
11.Ng1e2 b6
12.Ne2g3 Bc8b7
13.Ng3e4 Bb7xd5
14.Bf1g2 Bd5xe4
15.Bg2xe4 d5
16.Be4g2 Ra8c8
17.Qd1f3 Rc8xc2
18.Qf3xd5 Be7h4
19.Kd1 Qd8xd5
20.Bg2xd5 Rc2xb2
21.Bd5b3 Bh4g5
22.h4 Bg5e3
23.Rh1e1 Rb2d2
24.Kc1 Rd2xa2
25.Kb1 Ra2xa1
26.Kxa1 f6
27.h5 Kd7
28.Bb3e6 Kc7
29.Kb2 Kb8
30.Kb3 a6
31.Re1b1 Ka7
32.Kc4 Rh8d8
33.Be6d5 Rd8c8
34.Kb4 Rc8c3
35.Bd5c4 Be3d2
36.Ka4 Rc3c1
37.Rb1b2 b5
38.Bc4xb5 Rc1a1
39.Kb3 Bd2g5
40.Bb5c4 Ra1g1
41.Kb4 Rg1a1
42.Kc5 Ra1a5
43.Kd6 Ra5a1
44.Ke6 Ra1g1
45.Rb2a2 Kb8
46.Ra2xa6 Rg1xg4
47.Ra6d6 Rg4g1
48.Kf7 Kc7
49.Rd6e6 Bg5e3
50.Re6e7 Kd6
51.Re7e6 Kc5
52.Kf8 Kb4
53.Re6e7 Kc3
54.Re7xg7 Rg1h1
55.Rg7g6 Be3g5
56.Ke7 Rh1xh5
57.Kd6 Rh5h3
58.Rg6g8 h5
59.Kc5 Rh3f3
60.Bc4e6 Kxd3
61.Rg8a8 Ke3
62.Ra8a3 Kf4
63.Ra3a4 h4
64.Be6d5 Rf3c3
65.Kb4 Kxf5
66.Ra4a6 Kf4
67.Ra6a8 h3
68.Ra8h8 Kg3
69.Rh8h7 Kf2
70.Bd5e4 Kg1
71.Kb5 h2
72.Kb4 Rc3e3
73.Be4d5 e4
74.Kc4 h1Q
75.Rh7xh1 Kxh1
76.Kxd4 Re3d3
77.Kxe4 Rd3xd5
78.Kxd5 Kg1
79.Ke4 Kf2
80.Kf5 Kf3
81.Kg6 Kf4
82.Kh5 f5
83.Kg6 Kg4
84.Kf7 f4
85.Ke6 Kg3
86.Kd5 f3
87.Ke4 f2
88.Kd3 f1Q
89.Ke4 Qf1f6
90.Kd3 Qf6f4
91.Kc3 Kf3
92.Kd3 Qf4e4
93.Kc3 Ke3
94.Kb2 Kd3
95.Kb1 Qe4e2
96.Ka1 Kc3
97.Kb1 Qe2b2
0-1

[Event "Coupe Niveau 5"]
[Site "www.echecsemail.com"]
[Date "2026.01.19"]
[Round "1"]
[White "Carrighir"]
[Black "Filosofia"]
[WhiteElo "2110"]
[BlackElo "2100"]
[Result "1-0"]
1.e4 c6
2.d4 d5
3.e5 c5
4.c3 Nb8c6
5.Ng1f3 cxd4
6.cxd4 Bc8g4
7.Bf1e2 e6
8.O-O Ng8e7
9.Bc1e3 Qd8b6
10.Qd1d2 Ne7f5
11.Rf1d1 Bf8b4
12.Nb1c3 O-O
13.a3 Nf5xe3
14.fxe3 Bb4xc3
15.bxc3 Qb6d8
16.Ra1b1 Ra8b8
17.Qd2c2 f6
18.exf6 Qd8xf6
19.Rd1f1 Qf6h6
20.Qc2d3 Bg4xf3
21.Be2xf3 Nc6e7
22.Rb1e1  { temps }1-0